[Event "Siracusa op"]
[Site "Siracusa"]
[Date "2006.09.27"]
[Round "6"]
[White "Mossiaguine, Allan"]
[Black "Tondo, Salvatore"]
[Result "1-0"]
[WhiteElo "1497"]
[BlackElo "2029"]
[PlyCount "81"]
[EventDate "2006.09.23"]
[EventType "swiss"]
[EventRounds "9"]
[EventCountry "ITA"]
[SourceTitle "EXT 2011"]
[Source "ChessBase"]
[SourceDate "2010.11.26"]
[SourceVersion "1"]
[SourceVersionDate "2010.11.26"]
[SourceQuality "1"]

1. d4 c5 2. d5 Nf6 3. c4 Ne4 4. f3 Qa5+ 5. Nd2 Nd6 6. e4 g6 7. Bd3 b5 8. Kf1 bxc4 9. e5 cxd3 10. exd6 Ba6 11. dxe7 Bxe7 12. Qe1 d6 13. b3 Qc3 14. Rb1 Qe5 15. Bb2 Qxe1+ 16. Rxe1 Nd7 17. Bxh8 f6 18. Bg7 h5 19. Bh6 g5 20. h4 Kf7 21. hxg5 fxg5 22. f4 Bf6 23. Bxg5 Bc3 24. Ngf3 Nb6 25. f5 Nxd5 26. Kf2 Rh8 27. Re6 Nb6 28. Re7+ Kf8 29. Rxa7 Bc8 30. Be7+ Kg8 31. Bxd6 Bxf5 32. Bxc5 Nd7 33. Rc1 Bb2 34. Re1 Bf6 35. Bd4 Kf7 36. Bxf6 Kxf6 37. Ra6+ Kf7 38. Ng5+ Kg7 39. Re7+ Kg8 40. Ra8+ Nf8 41. Rf7 1-0

[Event "Siracusa op"]
[Site "Siracusa"]
[Date "2006.09.26"]
[Round "4"]
[White "Mossiaguine, Allan"]
[Black "Fagotto, Roberto"]
[Result "0-1"]
[WhiteElo "1497"]
[BlackElo "1921"]
[PlyCount "88"]
[EventDate "2006.09.23"]
[EventType "swiss"]
[EventRounds "9"]
[EventCountry "ITA"]
[SourceTitle "EXT 2011"]
[Source "ChessBase"]
[SourceDate "2010.11.26"]
[SourceVersion "1"]
[SourceVersionDate "2010.11.26"]
[SourceQuality "1"]

1. e4 e5 2. Nf3 Nf6 3. Bc4 Nxe4 4. Nxe5 d5 5. Qf3 Be6 6. 0-0 Ng5 7. Qe3 dxc4 8. h4 h6 9. hxg5 hxg5 10. Re1 Qf6 11. Nc3 c6 12. Nxf7 Kxf7 13. Ne4 Qf5 14. Nxg5+ Kg6 15. Nxe6 Bd6 16. Nd4 Qf6 17. Qe4+ Kf7 18. d3 Na6 19. Nf3 Rh5 20. Bg5 Qg6 21. Qxc4+ Kf8 22. Qg4 Qh7 23. Nh4 g6 24. Be7+ Bxe7 25. Nxg6+ Kg8 26. Nxe7+ Kf7 27. Qe6+ Kg7 28. Kf1 Rf8 29. Qg4+ Kf7 30. Qc4+ Kg7 31. Qc3+ Rf6 32. Ke2 Rc5 33. Qd4 Rxc2+ 34. Kd1 Rcxf2 35. Nxc6 Qh5+ 36. g4 Qg5 37. Re2 Rf1+ 38. Kc2 Rxa1 39. Re7+ Kh6 40. Ne5 Qc1+ 41. Kb3 Rb6+ 42. Ka3 Rxa2+ 43. Kxa2 Nb4+ 44. Ka3 Nc2+ 0-1